000 00298nam a2200121Ia 4500
003 GCL
008 140319s9999 xx 000 0 ara d
040 _aGCL /
_cGCL
082 0 4 _a614.4
_bم م
245 1 0 _aالمرشد فى مكافحة الافات المنزلية
300 _a387 ص
490 _a
999 _c37946
_d37946